000 00258nam a2200109Ia 4500
008 230907s9999||||xx |||||||||||||| ||und||
082 _a697.93
245 0 _aUFAD guide :
260 _aASHRAE,
_bAtlanta, GA :
_c2013
300 _aix, 323 pages :
942 _cBK
999 _c599534
_d599534